Statistiques concernant TOP 10 des pays ayant les plus belles femmes

Cliquez ici pour prendre le quiz!

Statistiques générales

  • Ce quiz a été pris 836 fois
  • Le résultat moyen est 5 sur 10

Statistiques - réponses

HintRéponse% Correct
TOP 10États-Unis
86%
TOP 1Brésil
83%
TOP 2Russie
77%
TOP 4Suède
56%
TOP 6Colombie
52%
TOP 7Ukraine
42%
TOP 5Venezuela
29%
TOP 8Liban
18%
TOP 3Slovaquie
8%
TOP 9Angola
2%

Distribution des résultats

Percentile par nombre de réponses

% des personnes avec chaque résultat

Votre développement - résultats

Vous n’avez pas pris ce quiz